| 000 | 00431pab a2200157 454500 | ||
|---|---|---|---|
| 008 | 180718b2000 xxu||||| |||| 00| 0 eng d | ||
| 100 | _aBandyopadhyay, D. | ||
| 245 | _aPolicing public expenditure: new tasks and possibilities | ||
| 260 | _c2000 | ||
| 300 | _ap.4482-484 | ||
| 362 | _a16 Dec | ||
| 650 | _aPublic expenditure - India | ||
| 650 | _aPublic expenditure | ||
| 773 | _aEconomic and Political Weekly | ||
| 909 | _a47354 | ||
| 999 |
_c47354 _d47354 |
||